Portraits of Women business Leaders : On Our Own Terms (Record no. 33389)
[ view plain ]
| 000 -LEADER | |
|---|---|
| fixed length control field | 00550nam a22001937a 4500 |
| 005 - DATE AND TIME OF LATEST TRANSACTION | |
| control field | 20231031103051.0 |
| 008 - FIXED-LENGTH DATA ELEMENTS--GENERAL INFORMATION | |
| fixed length control field | 230901b |||||||| |||| 00| 0 eng d |
| 020 ## - INTERNATIONAL STANDARD BOOK NUMBER | |
| ISBN | 9781881052692 |
| 082 ## - DEWEY DECIMAL CLASSIFICATION NUMBER | |
| Classification number | 331.481658 |
| Item number | ENK |
| 100 ## - MAIN ENTRY--AUTHOR | |
| Author Name | Enkelis, Liane |
| 245 ## - TITLE STATEMENT | |
| Title | Portraits of Women business Leaders : On Our Own Terms |
| Statement of responsibility, etc. | Liane Enkelis / Karen Olsen / Marion Lewenstein |
| 260 ## - PUBLICATION, DISTRIBUTION, ETC. | |
| Place of Publication | USA |
| Name of publisher, distributor, etc. | Berrett-Koehler |
| Date of publication, distribution, etc. | 1995 |
| 300 ## - PHYSICAL DESCRIPTION | |
| Pages | 154 |
| 500 ## - GENERAL NOTE | |
| General note | Include index |
| 650 ## - SUBJECT ADDED ENTRY--TOPICAL TERM | |
| Subject / Department | Architecture |
| 700 ## - ADDED ENTRY--PERSONAL NAME | |
| Personal name | Liane Enkelis |
| 700 ## - ADDED ENTRY--PERSONAL NAME | |
| Personal name | Karen Olsen |
No items available.
